| 000 | 00733 a2200217 4500 | ||
|---|---|---|---|
| 999 |
_c203 _d203 |
||
| 020 | _a9780415459396 (pbk) | ||
| 020 | _a9780203864272 (ebk) | ||
| 050 | 0 | 0 | _aG 155 STA 2010 |
| 100 | 1 | _aStabler, Mike. | |
| 245 | 1 | 4 |
_aThe economics of tourism / _cMike J. Stabler, Andreas Papatheodorou, M. Thea Sinclair. |
| 264 |
_aNew York: _bRoutledge, _c2010 |
||
| 300 |
_axxviii, 506 p. : _bill. |
||
| 500 | _aIncludes index | ||
| 504 | _aIncludes bibliographical references | ||
| 650 | 0 |
_aTourism _xMarketing. |
|
| 650 | 0 | _aTourism. | |
| 700 | 1 |
_aPapatheodorou, Andreas, _d1974- |
|
| 700 | 1 | _aSinclair, M. Thea. | |
| 942 |
_2lcc _cBK _e2nd. _h155 _iSTA _kG |
||